La paloma azul /

Kaydedildi:
Detaylı Bibliyografya
Yazar: Durán, Manuel (autor)
Materyal Türü: Kitap
Dil:İspanyolca
Konular:
Etiketler: Etiketle
Etiket eklenmemiş, İlk siz ekleyin!

MARC

LEADER 00000nam^a2200000^a^4500
001 000306223
005 20250521000000.0
009 20260310112813.199
037 |a Acervo Xavier Clavigero 
041 |a ESP 
082 |a 861.  |b DUR 
100 |a Durán, Manuel  |e (autor) 
245 1 3 |a La paloma azul /  |c M. Durán. 
264 |a México :  |b Tezontle,  |c 1959 
300 |a 40 p. 
336 |a texto  |b txt  |2 rdacontenido 
337 |a sin mediación  |b n  |2 rdamedio 
338 |a volumen  |b nc  |2 rdasoporte 
649 |a XX 
650 |a Poesía Mexicana 
650 |a Literatura Mexicana -  |y Siglo XX 
910 |a Fondo General 
920 |a Impresos - Libros 
930 |a Colección General 
940 |a Literatura 
905 |a 101 
901 |a 058516  |b IT1  |c LIT  |u 20250521 
902 |a https://opac.biblio.iteso.mx/vufind/Record/000306223